| 000 | 00654nam a22002057a 4500 | ||
|---|---|---|---|
| 003 | OSt | ||
| 005 | 20260112053734.0 | ||
| 008 | 260112b |||||||| |||| 00| 0 eng d | ||
| 020 | _a1-56053-515-6. | ||
| 040 |
_aDWCL-Main lib. _cOC |
||
| 082 | _aCirc. 616.10754 W429c 2004 | ||
| 100 | _aWeissman, Neil J. | ||
| 245 |
_aCardiac imaging secrets/ _cNeil J. Weissman |
||
| 260 |
_aPa. : _b Hanley & Belfus, _cc2004. |
||
| 300 |
_axiv, 395 pages : _billustrations. ; _c 23 centimeters. |
||
| 504 | _aIncludes bibliographical references and index. | ||
| 650 | _a1. Heart-Imaging. | ||
| 700 | _aAdelman, Gabriel A. | ||
| 942 |
_2ddc _cBK-CIRC _hCirc. _n0 |
||
| 999 |
_c7283 _d7283 |
||